Statistics for Religions of Algeria

Click here to take the quiz!

General Stats

  • This quiz has been taken 102 times
  • The average score is 3 of 5

Answer Stats

PercentageReligion% Correct
0.1%Judaism
83%
98.5%Sunni Islam
83%
0.2%Catholic Christian
74%
0.2%Protestant Christian
53%
1%Ibadi Islam
23%

Score Distribution

Percentile by Number Answered

Percent of People with Each Score

Your Score History

You have not taken this quiz